| Поле | Инд. | ПП | Название | Значение |
|---|---|---|---|---|
| Тип записи | a | |||
| Библиографический уровень | m | |||
| 001 | Контрольный номер | DU/574164322 | ||
| 005 | Дата корректировки | 20250801110857.0 | ||
| 008 | Кодируемые данные | 20180312 | ||
| 020 | a | ISBN | 978-5-9530-0415-2 | |
| 040 | b | Код языка каталог. | rus | |
| e | Правила каталог. | PSBO | ||
| 041 | 0_ | a | Код языка текста | rus |
| a | Код языка текста | eng | ||
| 084 | a | Индекс другой классификации/Индекс ББК | 28.071.6-638; 28.071.25 | |
| 090 | a | Полочн. индекс | 28.071.6-638 | |
| x | Авторский знак | Р 154 | ||
| 245 | 10 | a | Заглавие | Радиобиологические исследования в ОИЯИ |
| c | Ответственность | Объединенный институт ядерных исследований (ОИЯИ); составители Е. А. Красавин, А. В. Борейко, Н. А. Колтовая [и др.]; под общей редакцией Е. А. Красавина; перевод с русского С. С. Неговелов | ||
| 260 | a | Место издания | Дубна | |
| b | Издательство | ОИЯИ | ||
| c | Дата издания | 2015 | ||
| 300 | a | Объем | 182 с. | |
| b | Иллюстрации/ тип воспроизводства | 26 с. фот. | ||
| 336 | a | Термин вида содержания | Текст | |
| 337 | a | Термин типа средства | непосредственный + электронный | |
| 504 | a | Библиография | Прил.: с. 96 | |
| 650 | 14 | a | Основная рубрика | биология |
| a | Основная рубрика | биофизика | ||
| a | Основная рубрика | радиобиология | ||
| 653 | 0_ | a | Ключевые слова | Дубна |
| a | Ключевые слова | ионизирующее излучение | ||
| a | Ключевые слова | Лаборатория радиационной биологии ОИЯИ | ||
| a | Ключевые слова | международное сотрудничество | ||
| a | Ключевые слова | Московская область | ||
| a | Ключевые слова | Объединенный институт ядерных исследований (ОИЯИ) | ||
| a | Ключевые слова | подготовка кадров | ||
| a | Ключевые слова | радиационные исследования | ||
| a | Ключевые слова | радиобиологические исследования | ||
| a | Ключевые слова | Россия | ||
| a | Ключевые слова | цитогенетические исследования | ||
| 700 | 12 | a | Автор | Красавин Е. А. |
| e | Роль лиц | составитель | ||
| 700 | 1_ | a | Автор | Борейко А. В. |
| e | Роль лиц | составитель | ||
| 700 | 1_ | a | Автор | Колтовая Н. А. |
| e | Роль лиц | составитель | ||
| 700 | 1_ | a | Автор | Говорун Р. Д. |
| e | Роль лиц | составитель | ||
| 700 | 1_ | a | Автор | Комова О. В. |
| e | Роль лиц | составитель | ||
| 700 | 1_ | a | Автор | Тимошенко Г. Н. |
| e | Роль лиц | составитель | ||
| 700 | 1_ | a | Автор | Неговелов С. С. |
| e | Роль лиц | переводчик | ||
| 856 | 40 | a | Имя сервера/домена | Библиотечная система Университета "Дубна" |
| d | Путь | http://lib.uni-dubna.ru/MegaPRO/Web | ||
| i | Указания/сценарий входа | Доступ по номеру читательского билета и фамилии читателя | ||
| y | Справочный текст | Электронная версия | ||
| u | URL | https://lib.uni-dubna.ru/MegaPRO/UserEntry?Action=FindDocs&ids=167852&idb=ec_110 | ||
| 900 | a | Имя электронного ресурса | RADIOBIOLOGICAL_RESEARCH_AT_JINR | |
| x | Справочная информация | Полный текст | ||
| 900 | a | Имя электронного ресурса | obl_radiobiologitsheskie_issledovania | |
| x | Справочная информация | Обложка | ||
| 901 | t | Тип документа | m | |
| 952 | a | Тип литературы для КСУ ВШ | НАУ |